MDQL
is popping MORE tags! Check the
thread
!
Quizzes
Events
Quiz Creation
Community
Videos
Private Events
Remove Ads
Sign In
Join for FREE
Feedback
Dark Mode
Quiz Categories
Sports
Geography
Music
Movies
Television
Just For Fun
Miscellaneous
History
Literature
Language
Science
Gaming
Entertainment
Religion
Holiday
For Kids
Quiz Lab
Recent
Popular Today
Quiz Kudos Today
Editor Picks
Curator Picks
Quizzes by...
Day
Popularity
Type
Ratings
Length
Year
Community
Subscriptions
Recent Discussions
Orange Saloon
Badges
Playlists
Quests
Create
Leaderboards
Showdown
Live 5
Trivia Bingo
Activity
Puzzle Library
Sporcle Events
Private Events
Virtual Trivia
Globe League
Become a Host
Pub Owners
SporcleCon
Opinionation
Our Games
Videos
Blog
Mobile Apps
Partnerships
Remove Ads and Go Orange
Feedback
Entertainment
Celebrity
Famous
Musical
Broadway
Show
Quote
Comic Books
Anime
Superhero
DC Comics
Marvel
Cartoons
Animation
Entertainment
Celebrity
Famous
Musical
Broadway
Show
Quote
Comic Books
Anime
Superhero
DC Comics
Marvel
Cartoons
Animation
Random Quiz
Search Sporcle
×
Quiz Lab
Quiz Lab
Entertainment
Comic Books
Type in answers that appear in a list
Type in answers that appear in a list
Classic
Best Score? Go Orange.
Top 50 Archie Sonic Characters Stats
Can you name the Top 50 Archie Sonic the Hedgehog characters?
By
Jophus
10m
50 Questions
366 Plays
366 Plays
366 Plays
Comments
Comments
Give Quiz Kudos
Give Quiz Kudos
-
- Ratings
hide this ad
Replay
Link that replays current quiz
Next Quiz
Link to next quiz in quiz playlist
You Got
0%
They Got
Avg Score
62%
Avg Friend Score
Upgrade to see
Score Distribution
Jump to the score distribution portion of the page
Score
0/50
Timer
10:00
0
Plays Today
Rank
Character
% Correct
1.
Sonic the Hedgehog
98.9%
5.
Miles Prower
95.9%
3.
Knuckles the Echidna
91.8%
2.
Sally Acorn
90.2%
40.
Mecha Sally
90.2%
6.
Julian Kintobor/Robo-Robotnik/Dr. Eggman
89.6%
16.
Shadow the Hedgehog
86.1%
12.
Amy Rose
85.8%
7.
Bunnie Rabbot
83.9%
39.
Vector the Crocodile
83.1%
10.
Antoine D'Coollette
82.8%
32.
Espio the Chameleon
80.9%
8.
Rotor Walrus
80.6%
44.
Charmy Bee
80.6%
11.
Anti Sonic/Scourge the Hedgehog
78.7%
31.
Rouge the Bat
78.7%
49.
Shard the Metal Sonic
78.7%
25.
Silver the Hedgehog
76.5%
19.
Metal Sonic
75.4%
9.
Julie-Su
73.5%
34.
Mighty the Armadillo
71%
50.
Cream and Cheese
70.8%
28.
Fiona Fox
69.7%
17.
Nicole the Holo-Lynx
68.3%
18.
Fang the Sniper/Nack the Weasel
67.8%
Rank
Character
% Correct
26.
Bean the Dynamite & Bark the Polar Bear
63.4%
20.
Uncle Chuck
62.6%
15.
Snively Robotnik
61.5%
35.
Elias Acorn
56.3%
47.
Mina Mongoose
53.6%
48.
Mega Man
51.6%
36.
Lara-Su
49.2%
21.
Geoffrey St. John
48.9%
24.
Maximillian Acorn
48.6%
42.
Mecha Robotnik
47.5%
4.
Ixis Naugus
46.7%
29.
Lien-Da
46.4%
38.
Jules Hedgehog
46.2%
13.
Mammoth Mogul
43.2%
33.
Enerjak
40.4%
14.
Monkey Khan
40.2%
41
Hope Kintobor
37.4%
45.
Dimitri
35.2%
22.
Dr. Finitevus
34.2%
27.
Iron Queen
32%
30.
Anonymous
30.3%
23.
The Destructix
28.7%
43.
Patch D'Coollette
24.9%
46.
Iron King
23.8%
37.
Warlord Kodos
18.9%
Quiz Playlist
Details
Report
Send in Message
Add To Playlist
Classic:
Type in answers that appear in a list
Last Updated: Jul 10, 2017
Quiz Scoreboard
CHALLENGE
Sign Up to Join the Scoreboard
Show All
Scores
Hide
Comments
May contain spoilers
Recently Published
1-10 Letter E Words III
by El_Dandy
Language
2m
Street Fighter Characters
by Artimus82
Gaming
60s
College Basketball Coaching Resumes
by pancakes188
Sports
9m
More to Explore
Quiz From the Vault
Featured Blog Post
Where Did the Easter Bunny Come From?
hide this ad
You Might Also Like...
Tags
Comic Books Quiz
archie
Archie Comics
Comic Character
sonic
Sonic the Hedgehog
Top 50
Today's Top Quizzes in Entertainment
Browse Entertainment
hide this ad
Today's Top Quizzes in Comic Books
Browse Comic Books
Top Contributed Quizzes in Entertainment
1
7-to-1: DC Comics Villains
2
Marvel Characters Bunker
3
Dragon Ball Z: Goku's Fights in Order
4
Eurovision 2023 Logic Puzzle
5
Sorting Pictures: Villains
6
Criteria Quickie: Cartoon Taxonomy II
7
Mini Trivia Sudoku: Musicals
8
7-to-1: One Piece
9
Fictional Villains Letter U Blitz
10
Click the Cartoon Scott
Explore More
Trending Topics
Marvel
Kpop
Crossword
NBA
Anime
Harry Potter
Disney
WWE
Puzzle
Country
The Office
NFL
Pokémon
Song
Soccer
hide this ad
More By:
Jophus
Quiz
Plays
Rating
Category
Featured
Created
Patrick Mahomes Opposing Playoff Quarterbacks
15,599
4.67
Sports
Feb 3, 2020
Billboard’s Hot 100 Songs of the 2010s
2,055
5.00
Music
Nov 22, 2019
The Office (U.S.) Talking Heads
1,823
5.00
Television
Jun 27, 2018
Top 150 Best-Selling Video Game Franchises
1,136
5.00
Gaming
Apr 25, 2019
Peyton Manning Opposing Playoff Quarterbacks
495
5.00
Sports
Jan 21, 2020
Go to Creator's Profile
Score Distribution
Quiz Creator Spotlight
Jophus
Follow
Send a Message
Quizzes Created
-
Created Quiz Play Count
-
More By This Creator
Popular Quizzes Today
1
Find the US States - No Outlines Minefield
2
Find the Countries of Europe - No Outlines Minefield
3
The Countries of the World
4
Find the US States
5
Risky Map Clicking: Biggest States A-Z
6
US States
7
Popular People in 1961
8
Movies - When Are They Set?
More Entertainment Quizzes
Famous Men in Football Shirts
Editor's Pick
Trending Quizzes
Risky Map Clicking: Least Populous States A-Z
Billboard Blitz: Aretha Franklin
Famous Russians: Author or Composer?
Countries of the World: 200 Million BC
1-10 Letter G Words
Recently Updated
Leaping Animals
pecheneg
Reality TV Shows (A-Z)
bhenderson79
Rickey Henderson's Hall of Fame Teammates
pecheneg
Champions League XIs: Arsenal
pecheneg
Quick Pick: Celebrities in WWE's Hall of Fame
aduchscher
A-Z Keypad Blitz II
pecheneg
Multiple Oscar Actors
pecheneg
Mystery Phrase Blitz: Oscar 'Best Actors'
pecheneg
F. Scott Fitzgerald Novels
LTH
Pick 3 Villains
ddd62291
Trending Topics
Crossword
Kpop
Disney
Harry Potter
Marvel
NBA
Anime
Puzzle
WWE
Soccer
Country
NFL
Song
Pokémon
The Office
Your Account Isn't Verified!
In order to create a playlist on Sporcle, you need to verify the email address you used during registration. Go to your
Sporcle Settings
to finish the process.
Report this User
Report this user for behavior that violates our
Community Guidelines
.
Details:
Send Report
Go to the Sporcle.com Mobile Site →
Comments